| 000 | nam a22 7a 4500 | ||
|---|---|---|---|
| 999 |
_c29234 _d29234 |
||
| 008 | 171123b xxu||||| |||| 00| 0 eng d | ||
| 020 | _a9781292099866 | ||
| 050 | _aHF 5718 .B68 2016 | ||
| 100 | _aBovée, Courtland L. | ||
| 245 |
_aBusiness communication today/ _cCourtland L Bovée & John V Thill |
||
| 250 | _a13th ed. | ||
| 260 |
_aBoston: _bPearson, _c20016. |
||
| 300 | _a668p. : color illustrations ; 26 cm | ||
| 650 | _aBusiness communication | ||
| 650 | _aCommunication in organizations | ||
| 700 | _aThill, John V. | ||
| 942 |
_2lcc _cBOOKS _hHF 5718 .B68 2016 _01 |
||